Statistics for Countries by number of military-related daths

Click here to take the quiz!

General Stats

  • This quiz has been taken 21 times
  • The average score is 9 of 18

Answer Stats

DeathsAnswer% Correct
4,489Afghanistan
79%
13,766Iraq
74%
6,665Pakistan
68%
339Russia
68%
1,962India
63%
1,000Sudan
63%
1,483Somalia
58%
610Dem. Rep. Congo
53%
1,911Ethiopia
53%
580Turkey
47%
713Chad
42%
486Israel
42%
339Algeria
37%
1,937Colombia
32%
621Georgia
26%
563Philippines
21%
11,144Sri Lanka
21%
230Thailand
21%

Score Distribution

Percentile by Number Answered

Percent of People with Each Score

Your Score History

You have not taken this quiz